Advanced Web design. / (Record no. 2185)
[ view plain ]
| 000 -LEADER | |
|---|---|
| fixed length control field | 01980cam a22002774a 4500 |
| 001 - CONTROL NUMBER | |
| control field | 12987859 |
| 005 - DATE AND TIME OF LATEST TRANSACTION | |
| control field | 20210414114130.0 |
| 008 - FIXED-LENGTH DATA ELEMENTS--GENERAL INFORMATION | |
| fixed length control field | 021031s2003 nyua 001 0 eng |
| 010 ## - LIBRARY OF CONGRESS CONTROL NUMBER | |
| LC control number | 2002040962 |
| 020 ## - INTERNATIONAL STANDARD BOOK NUMBER | |
| International Standard Book Number | 0072565942 (alk. paper) |
| 040 ## - CATALOGING SOURCE | |
| Original cataloging agency | DLC |
| Transcribing agency | DLC |
| Modifying agency | DLC |
| 042 ## - AUTHENTICATION CODE | |
| Authentication code | pcc |
| 050 00 - LIBRARY OF CONGRESS CALL NUMBER | |
| Classification number | TK5105.888.H62 |
| 082 00 - DEWEY DECIMAL CLASSIFICATION NUMBER | |
| Classification number | 005.2/76 |
| Edition number | 21 |
| 100 1# - MAIN ENTRY--PERSONAL NAME | |
| Personal name | Hofstetter, Fred T. |
| Fuller form of name | (Fred Thomas), |
| Dates associated with a name | 1949- |
| 245 10 - TITLE STATEMENT | |
| Title | Advanced Web design. / |
| Statement of responsibility, etc. | by Fred T. Hofstetter. |
| 260 ## - PUBLICATION, DISTRIBUTION, ETC. | |
| Place of publication, distribution, etc. | New York : |
| Name of publisher, distributor, etc. | McGraw-Hill, |
| Date of publication, distribution, etc. | 2003. |
| 300 ## - PHYSICAL DESCRIPTION | |
| Extent | xxii, 442 p. : |
| Other physical details | ill. (some col.) ; |
| Dimensions | 28 cm. |
| 500 ## - GENERAL NOTE | |
| General note | Includes index. |
| 505 ## - FORMATTED CONTENTS NOTE | |
| Formatted contents note | Contents: Elements of advanced web design -- Gaining access to advanced web servers -- Creating interactive content -- Visualizing the navigation -- Designing themes and styles -- Securing a web -- Socializing a web -- Commercializing a web -- Hello, world ! scripting project -- Variables and assignments -- Arrays, loops and comparisons -- Functions and includes -- Interaction, forms and cookies -- Document object model -- Javascript special effects -- Installing a database -- Database design principles -- Frontpage database wizards -- ActiveX data objects(ADO) -- Structured query language (SQL) -- Understanding .NET -- Installing visual studio .NET -- Creating the ASP. NET clock project -- Creating the topsecret database -- Listing users -- Adding users -- Updating users -- Deleting users -- Logging users in -- Creating top secret pages -- User controls -- Encoding data in XML -- XSL transformations -- Designing an XML schema -- XML modules -- XML web services -- Forming teams and managing projects -- Custom controls. |
| 650 #0 - SUBJECT ADDED ENTRY--TOPICAL TERM | |
| Topical term or geographic name entry element | Web site development. |
| 650 #0 - SUBJECT ADDED ENTRY--TOPICAL TERM | |
| Topical term or geographic name entry element | Web sites |
| General subdivision | Design. |
| 906 ## - LOCAL DATA ELEMENT F, LDF (RLIN) | |
| a | 7 |
| b | cbc |
| c | orignew |
| d | 1 |
| e | ocip |
| f | 20 |
| g | y-gencatlg |
| 942 ## - ADDED ENTRY ELEMENTS (KOHA) | |
| Source of classification or shelving scheme | Library of Congress Classification |
| Koha item type | Books |
| Withdrawn status | Lost status | Source of classification or shelving scheme | Damaged status | Not for loan | Home library | Current library | Shelving location | Date acquired | Total Checkouts | Full call number | Barcode | Date last seen | Copy number | Price effective from | Koha item type |
|---|---|---|---|---|---|---|---|---|---|---|---|---|---|---|---|
| Library of Congress Classification | WISCONSIN INTERNATIONAL UNIVERSITY COLLEGE, GHANA - MAIN LIBRARY | WISCONSIN INTERNATIONAL UNIVERSITY COLLEGE, GHANA - MAIN LIBRARY | General Stacks | 27/08/2012 | TK5105.888.H62 | 6078/12 | 27/08/2012 | 1 | 27/08/2012 | Books |
